000 01092nam a22002777a 4500
001 BD-DhSAU 9210
003 BD-DhSAU
005 20190417105800.0
008 150613b2010 bg a|||| m||| 00| 0 eng d
040 _aBD-DhSAU
082 _222
_a630
_bJ113
100 _aJabin, Umme
_eRegistration # 05-01572
245 _aInfluence of application method of nitrogen on the growth and yield of mustard /
_bMS thesis
_cUmme Jabin
260 _aSher-e-Bangla Agricultural Uniersity :
_bDepartment of Agronomy,
_c2010.
300 _axi 76 p. :
_bill. ;
_c29 cm.
500 _aMS thesis of Department of Agronomy , Faculty of Agriculture, Sher-e-Bangla Agricultural University, Dhaka, Bangladesh
504 _aIncludes bibliographical reference.
590 _aerfat
650 _aAgronomy
650 _aInfluence of application method of nitrogen
650 _a the growth and yield of mustard
700 _a Karim, Md Fazlul
_eSuperviser
700 _eCo-superviser
_aUllah, Md Jafar
856 _uhttp://10.10.0.126:8080/xmlui/handle/123456789/2405
942 _2ddc
_cTHESIS
999 _c9210
_d9210